عرض عادي عرض مارك
  • Adventure stories.

مدخل تقسيم شكلي

عدد التسجيلات المستخدمة في: 3

001 - رقم الضبط

  • حقل الضبط: 7117

003 - معرف رقم الضبط

  • حقل الضبط: OSt

005 - تاريخ ووقت أخر عملية

  • حقل الضبط: 20111204103459.0

008 - عناصر بيانات ثابتة الطول

  • حقل تحكم ثابت الطول: 111204|||a|||||| | ||| d

040 ## - مصدر الفهرسة

  • هيئة الفهرسة الأصلية: OSt
  • وكالة الكتابة: OSt

155 ## - الراس-نوع ادبي/مصطلح شكلي

  • النوع الادبي/المصطلح الشكلي: Adventure stories.

670 ## - بيانات المصدر موجوده

  • الاستشهاد بالمصدر: Work cat.: (OSt)0: Dickens, Charles, 1812-1870., Martin Chuzzlewit /, 2009.